000 00388nam a2200133Ia 4500
999 _c14172
_d14172
003 OSt
005 20260215131550.0
008 260210s9999 xx 000 0 und d
020 _a9783986121006
100 _aSocrates Stratis
245 0 _aUrban Design on the Move: Five Stories About Implementing a Winning Europan Project
260 _aGermany
_bJOVIS Verlag
_c2024
942 _cBPLAN
_2ddc